| 000 | 00668nam a22001337a 4500 | ||
|---|---|---|---|
| 040 | _cRUA | ||
| 082 | _aATM PRA 2009 B197 Or.1 | ||
| 100 | _aPRAK, CHANVOITNA. | ||
| 245 | _astudy on effect of variety of heigh and diameter of rocket stove on heat energy (ការសិក្សាពីឥទ្ធិពលនៃបំរែបំរូលកម្ពស់ និង អង្កត់ផ្ចិត របស់ចង្រ្កានថ្ម លើថាមពលកំដៅ) | ||
| 260 |
_aPhnom Penh _bRUA _c2009 |
||
| 300 |
_ax, 48p. _bill. _c29cm. |
||
| 856 | _uhttps://drive.google.com/file/d/1y_FaAWBu9u7GHlNgAyXxImA8O4_zrt04/view?usp=sharing | ||
| 942 | _cATM | ||
| 999 |
_c4272 _d4272 |
||